| 000 | 00819cab a2200265 4500 | ||
|---|---|---|---|
| 001 | WB3326-30 | ||
| 008 | 090401t1997 xxu||||| |||| 00| 0 eng d | ||
| 035 | _a(Sirsi) u79394 | ||
| 041 | _aeng | ||
| 245 | _aNew planning guidance on skiing | ||
| 260 | _c1997 | ||
| 350 | _a0 | ||
| 490 |
_aScottish Office News Release _v(709) 30 June 1997 (2) |
||
| 520 | _aThe Scottish Office has issued a new National Policy Guideline (NPG 12) to provide a framework for the development of skiing in Scotland, while conserving the natural environment. | ||
| 650 | _aCONSERVATION | ||
| 650 | _aDEVELOPMENT | ||
| 650 | _aNATIONAL POLICY GUIDELINE | ||
| 650 | _aNPPG12 | ||
| 650 | _aSCOTLAND | ||
| 650 | _aSCOTTISH OFFICE | ||
| 650 | _aSKIING | ||
| 690 | _aLEISURE AND RECREATION | ||
| 942 | _n0 | ||
| 948 | _c02/07/1997 | ||
| 999 |
_c49903 _d49903 |
||